|
|
|
|
| LEADER |
02862nam a22004695i 4500 |
| 001 |
978-3-319-04618-1 |
| 003 |
DE-He213 |
| 005 |
20150520190328.0 |
| 007 |
cr nn 008mamaa |
| 008 |
140213s2014 gw | s |||| 0|eng d |
| 020 |
|
|
|a 9783319046181
|9 978-3-319-04618-1
|
| 024 |
7 |
|
|a 10.1007/978-3-319-04618-1
|2 doi
|
| 040 |
|
|
|d GrThAP
|
| 050 |
|
4 |
|a H1-970.9
|
| 072 |
|
7 |
|a J
|2 bicssc
|
| 072 |
|
7 |
|a JHB
|2 bicssc
|
| 072 |
|
7 |
|a SOC000000
|2 bisacsh
|
| 082 |
0 |
4 |
|a 300
|2 23
|
| 100 |
1 |
|
|a Whiteside, Mary.
|e author.
|
| 245 |
1 |
0 |
|a Promoting Aboriginal Health
|h [electronic resource] :
|b The Family Wellbeing Empowerment Approach /
|c by Mary Whiteside, Komla Tsey, Yvonne Cadet-James, Janya McCalman.
|
| 264 |
|
1 |
|a Cham :
|b Springer International Publishing :
|b Imprint: Adis,
|c 2014.
|
| 300 |
|
|
|a XVI, 54 p. 7 illus. in color.
|b online resource.
|
| 336 |
|
|
|a text
|b txt
|2 rdacontent
|
| 337 |
|
|
|a computer
|b c
|2 rdamedia
|
| 338 |
|
|
|a online resource
|b cr
|2 rdacarrier
|
| 347 |
|
|
|a text file
|b PDF
|2 rda
|
| 490 |
1 |
|
|a SpringerBriefs in Public Health,
|x 2192-3698
|
| 505 |
0 |
|
|a The Family Wellbeing Empowerment Program -- The Research Approach -- An Aboriginal Family Wellbeing Model of Empowerment -- Beliefs and Attitudes -- Skills and Knowledge -- Agency -- Outcomes -- Conclusion.
|
| 520 |
|
|
|a "Those of us who have worked on the frontline of Aboriginal health for any length of time know that beneath the surface reality of Aboriginal people's poor health outcomes sits a deeper truth. It is about the importance of social and emotional wellbeing, and how this flows from a sense of control over one's own life. Where this is lacking, as it is in so many Aboriginal families and communities, there is instead indifference and despair and a descent into poor lifestyle choices and self-destructive behaviours. Our medical professionals do a great job of prescribing medicines and devising treatment programs but, to fix the root causes of ill-health, we need something more. As Aboriginal people we need to have a sense of agency in our lives, that we are not stray leaves blowing about in the wind. In a word, we need empowerment". Dr. Pat Anderson, Chairperson, the Lowitja Institute, Australia's National Institute for Aboriginal and Torres Strait Islander Health Research. .
|
| 650 |
|
0 |
|a Social sciences.
|
| 650 |
1 |
4 |
|a Social Sciences.
|
| 650 |
2 |
4 |
|a Social Sciences, general.
|
| 700 |
1 |
|
|a Tsey, Komla.
|e author.
|
| 700 |
1 |
|
|a Cadet-James, Yvonne.
|e author.
|
| 700 |
1 |
|
|a McCalman, Janya.
|e author.
|
| 710 |
2 |
|
|a SpringerLink (Online service)
|
| 773 |
0 |
|
|t Springer eBooks
|
| 776 |
0 |
8 |
|i Printed edition:
|z 9783319046174
|
| 830 |
|
0 |
|a SpringerBriefs in Public Health,
|x 2192-3698
|
| 856 |
4 |
0 |
|u http://dx.doi.org/10.1007/978-3-319-04618-1
|z Full Text via HEAL-Link
|
| 912 |
|
|
|a ZDB-2-SHU
|
| 950 |
|
|
|a Humanities, Social Sciences and Law (Springer-11648)
|